[Event "Graz Open A 2019"]
[Site "Graz AUT"]
[Date "2019.02.18"]
[Round "2.1"]
[White "Navalgund, Niranjan"]
[Black "Kryakvin, Dmitry"]
[Result "1/2-1/2"]
[WhiteTitle "FM"]
[BlackTitle "GM"]
[WhiteElo "2359"]
[BlackElo "2588"]
[WhiteFideId "5030854"]
[BlackFideId "4153278"]
[EventDate "2019.02.17"]

1. Nf3 d5 2. d4 Nf6 3. c4 dxc4 4. e3 b5 5. a4 b4 6. Bxc4 e6 7. O-O Be7 8. a5 O-O
9. Ne5 a6 10. Be2 Nfd7 11. Bf3 Ra7 12. Nd3 c5 13. Bd2 Bb7 14. dxc5 Nxc5 15. Nxb4
Bxf3 16. gxf3 Rd7 17. Qc2 Bd6 18. f4 f5 19. Kh1 Rc7 20. Be1 Nbd7 21. f3 Qb8 22.
Bc3 Nf6 23. Na3 Qb7 24. Nc4 Nce4 25. Nxd6 Nxd6 26. Qd3 Nb5 27. Rad1 Nxc3 28.
bxc3 Rfc8 29. Rc1 Rc4 30. Qd6 Kf7 31. Rb1 Qe7 32. Qxe7+ Kxe7 33. Nxa6 Nd5 34.
Rb7+ Kf6 35. Nb8 R4c7 36. Rxc7 Rxc7 37. a6 Rxc3 38. e4 fxe4 39. fxe4 Nc7 40. Ra1
g5 41. fxg5+ Kxg5 42. Nd7 Kf4 43. a7 Na8 44. Rf1+ Ke3 45. Nf8 Rc7 46. Nxe6 Rxa7
47. Ng5 h6 48. Nf7 Kxe4 49. Nxh6 Nb6 50. Ng4 Nd5 51. Nf6+ Nxf6 52. Rxf6 Rh7 53.
Kg2 Rg7+ 54. Kh3 Rh7+ 55. Kg3 Rg7+ 56. Kh3 1/2-1/2

[Event "Graz Open A 2019"]
[Site "Graz AUT"]
[Date "2019.02.18"]
[Round "2.2"]
[White "Turov, Maxim"]
[Black "Kozak, Antoni"]
[Result "1-0"]
[WhiteTitle "GM"]
[WhiteElo "2585"]
[BlackElo "2346"]
[WhiteFideId "4120086"]
[BlackFideId "21832030"]
[EventDate "2019.02.17"]

1. c4 Nf6 2. Nc3 c5 3. g3 d5 4. cxd5 Nxd5 5. Bg2 Nc7 6. d3 e5 7. Be3 Be7 8. Rc1
Ne6 9. Nf3 Nc6 10. Na4 Qa5+ 11. Nd2 Ncd4 12. Nc3 Qd8 13. O-O O-O 14. Nd5 Rb8 15.
Nc4 f6 16. Bd2 Bd7 17. e3 Nc6 18. f4 b5 19. Na5 Nxa5 20. Bxa5 Qxa5 21. Nxe7+ Kf7
22. Nd5 exf4 23. Qh5+ Kg8 24. Ne7+ Kh8 25. Ng6+ Kg8 26. Nxf8 Rxf8 27. gxf4 Qd2
28. Qd5 Bc8 29. Qb3 Qxe3+ 30. Kh1 Rd8 31. f5 c4 32. Qxb5 1-0

[Event "Graz Open A 2019"]
[Site "Graz AUT"]
[Date "2019.02.18"]
[Round "2.3"]
[White "Szotkowski, Jakub"]
[Black "Christiansen, Johan-Sebastian"]
[Result "1/2-1/2"]
[WhiteTitle "IM"]
[BlackTitle "GM"]
[WhiteElo "2345"]
[BlackElo "2559"]
[WhiteFideId "330590"]
[BlackFideId "1512668"]
[EventDate "2019.02.17"]

1. d4 Nf6 2. c4 e6 3. g3 d5 4. Bg2 Be7 5. Nf3 O-O 6. O-O c6 7. Qc2 b6 8. Nbd2
Bb7 9. e4 dxc4 10. Nxc4 Nbd7 11. Rd1 c5 12. e5 Nd5 13. dxc5 Rc8 14. cxb6 N5xb6
15. b3 Bd5 16. Be3 Nxc4 17. bxc4 Rxc4 18. Qe2 Ra4 19. Rd4 Rxd4 20. Bxd4 Qa5 21.
Qe3 Rc8 22. Bf1 Bd8 23. Ng5 Qa4 24. h4 Bb6 25. Bxb6 axb6 26. Bg2 Bxg2 27. Kxg2
h6 28. Nf3 Rc2 29. Qd4 Qc6 30. Rd1 Nc5 31. Rd2 Rxd2 32. Qxd2 Ne4 33. Qd8+ Kh7
34. Qd3 g6 35. Kf1 Nc5 36. Qe3 Qd5 37. a3 Nd3 38. Kg1 b5 39. Kg2 Kg7 40. Kf1 Nb2
41. Qf4 Qc4+ 42. Qxc4 Nxc4 43. Nd4 Nxa3 44. Ke2 g5 45. h5 b4 46. Kd3 g4 47. Nc6
b3 48. Kc3 Nb1+ 49. Kxb3 Nd2+ 50. Kc3 Ne4+ 51. Kd3 Nxf2+ 52. Ke3 Nh3 53. Nd4 Kf8
54. Ke4 Ke7 55. Nc6+ Kd7 56. Nd4 Kc7 57. Nc2 Kd7 58. Ne3 Nf2+ 59. Kf4 Ke7 60.
Nxg4 Nxg4 61. Kxg4 f5+ 62. exf6+ Kxf6 63. Kf4 e5+ 64. Ke4 Ke6 65. g4 Kf6 66. Kd5
Kg5 67. Kxe5 Kxg4 68. Ke4 Kxh5 69. Kf3 1/2-1/2

[Event "Graz Open A 2019"]
[Site "Graz AUT"]
[Date "2019.02.18"]
[Round "2.4"]
[White "Istratescu, Andrei"]
[Black "Lin, Yi"]
[Result "1/2-1/2"]
[WhiteTitle "GM"]
[WhiteElo "2555"]
[BlackElo "2345"]
[WhiteFideId "1200372"]
[BlackFideId "8609659"]
[EventDate "2019.02.17"]

1. Nf3 Nf6 2. c4 g6 3. Nc3 d5 4. cxd5 Nxd5 5. Qc2 Nc6 6. d4 Ndb4 7. Qa4 e5 8. a3
exd4 9. Nb5 Nd5 10. Nbxd4 Bd7 11. e4 Nb6 12. Qc2 Bg7 13. Be3 O-O 14. Rd1 Nxd4
15. Nxd4 Qe7 16. Be2 c6 17. Nb3 Rfe8 18. Nc5 Be6 19. O-O Rad8 20. a4 Nc8 21. a5
b6 22. Nxe6 Qxe6 23. b4 Bf6 24. Bf3 Be7 25. e5 Qxe5 26. Bxc6 Rxd1 27. Rxd1 Rd8
28. Rxd8+ Bxd8 29. Qd1 Bc7 30. g3 bxa5 31. bxa5 Ne7 32. Qd7 Nxc6 33. Qxc6 Bxa5
34. Qa8+ Kg7 35. Qxa7 Bc3 1/2-1/2

[Event "Graz Open A 2019"]
[Site "Graz AUT"]
[Date "2019.02.18"]
[Round "2.5"]
[White "Danner, Georg"]
[Black "Sebenik, Matej"]
[Result "1-0"]
[WhiteTitle "IM"]
[BlackTitle "GM"]
[WhiteElo "2333"]
[BlackElo "2542"]
[WhiteFideId "1600303"]
[BlackFideId "14602296"]
[EventDate "2019.02.17"]

1. d4 Nf6 2. Nf3 d5 3. c4 e6 4. e3 Be7 5. Nc3 O-O 6. Bd3 b6 7. b3 Bb7 8. O-O c5
9. Bb2 cxd4 10. exd4 Nc6 11. Re1 Rc8 12. Rc1 Nb4 13. Bf1 Ne4 14. a3 Nxc3 15.
Rxc3 Nc6 16. cxd5 Qxd5 17. Bc4 Qd6 18. d5 Na5 19. Rd3 Nxc4 20. bxc4 Rfd8 21. Be5
Qd7 22. Bxg7 exd5 23. Bb2 f6 24. Ne5 Qf5 25. Rf3 dxc4 26. Qxd8+ Bxd8 27. Rxf5 c3
28. Bc1 fxe5 29. Rfxe5 Bc6 30. Rf5 Kg7 31. Re3 1-0

[Event "Graz Open A 2019"]
[Site "Graz AUT"]
[Date "2019.02.18"]
[Round "2.6"]
[White "Stefansson, Hannes"]
[Black "Rudolf, Michal"]
[Result "1/2-1/2"]
[WhiteTitle "GM"]
[BlackTitle "FM"]
[WhiteElo "2514"]
[BlackElo "2331"]
[WhiteFideId "2300087"]
[BlackFideId "1106210"]
[EventDate "2019.02.17"]

1. e4 e6 2. d4 d5 3. Nc3 Nf6 4. e5 Nfd7 5. f4 c5 6. Nf3 Nc6 7. Be3 cxd4 8. Nxd4
Bc5 9. Qd2 O-O 10. O-O-O Nxd4 11. Bxd4 a6 12. Qe3 Qc7 13. Bd3 Bxd4 14. Qxd4 Qc5
15. Ne2 b5 16. Rhe1 Re8 17. a3 Rb8 18. f5 exf5 19. Bxf5 Rxe5 20. Qf4 Qe7 21.
Bxd7 Bxd7 22. Nc3 Qg5 23. Qxg5 Rxg5 24. Nxd5 Be6 25. Nf4 Rc8 26. Nxe6 fxe6 27.
Re2 Rc6 28. Rd7 h5 29. g3 Rf5 30. c3 Rf7 31. Rd8+ Rf8 32. Rd4 Rf5 33. a4 bxa4
34. Rxa4 Kf7 35. Kc2 a5 36. Rae4 Kf6 37. Kb3 g5 38. Ka4 Rb6 39. Rc4 Rf1 40. b4
axb4 41. cxb4 Ra1+ 42. Kb3 Rb1+ 43. Rb2 Rxb2+ 44. Kxb2 Kf5 45. Kb3 e5 46. Rc5 h4
47. b5 hxg3 48. hxg3 Ke4 49. Kb4 g4 50. Rc6 Rb8 51. Re6 1/2-1/2

[Event "Graz Open A 2019"]
[Site "Graz AUT"]
[Date "2019.02.18"]
[Round "2.7"]
[White "Injac, Teodora"]
[Black "Gazik, Viktor"]
[Result "0-1"]
[WhiteTitle "WIM"]
[BlackTitle "IM"]
[WhiteElo "2325"]
[BlackElo "2512"]
[WhiteFideId "932400"]
[BlackFideId "14928752"]
[EventDate "2019.02.17"]

1. d4 Nf6 2. Nf3 g6 3. c4 Bg7 4. Nc3 d5 5. cxd5 Nxd5 6. e4 Nxc3 7. bxc3 O-O 8.
Be2 c5 9. O-O b6 10. Rb1 Bb7 11. d5 Bxc3 12. Qb3 Bg7 13. Bb2 Bxb2 14. Rxb2 Qd6
15. Qe3 e5 16. dxe6 Qxe6 17. Ng5 Qe7 18. Bc4 Ba6 19. Bxa6 Nxa6 20. f4 Nc7 21. f5
f6 22. Nf3 gxf5 23. Nh4 Qxe4 24. Qg3+ Qg4 25. Qxc7 Qxh4 26. Rbf2 Rf7 27. Qc6 Qe4
28. Qd6 Qe3 29. Kh1 Qe5 30. Qd1 Qd4 31. Qf3 Qe4 32. Qc3 Rd8 33. Rf3 Kh8 34. Qc1
Rg7 35. Qb2 Rg6 36. R3f2 Rdg8 37. Qd2 c4 38. Rg1 b5 39. Qb2 Qe5 40. Qc2 Qxh2+ 0-1

[Event "Graz Open A 2019"]
[Site "Graz AUT"]
[Date "2019.02.18"]
[Round "2.8"]
[White "Diermair, Andreas"]
[Black "Liu, Zhaoqi"]
[Result "1/2-1/2"]
[WhiteTitle "GM"]
[WhiteElo "2502"]
[BlackElo "2323"]
[WhiteFideId "1612468"]
[BlackFideId "8609381"]
[EventDate "2019.02.17"]

1. Nf3 Nf6 2. c4 c5 3. Nc3 g6 4. e4 Bg7 5. d4 cxd4 6. Nxd4 d6 7. Be2 O-O 8. O-O
Nc6 9. Be3 Nxd4 10. Bxd4 Bd7 11. Qd3 a5 12. Qe3 Bc6 13. Rad1 Nd7 14. Bxg7 Kxg7
15. Rd4 Qb6 16. Qd2 Qc5 17. Kh1 Nf6 18. f3 a4 19. Rc1 Rfc8 20. Rd1 h5 21. Qe1
Qg5 22. Qd2 1/2-1/2

[Event "Graz Open A 2019"]
[Site "Graz AUT"]
[Date "2019.02.18"]
[Round "2.9"]
[White "Leisch, Lukas"]
[Black "Sanal, Vahap"]
[Result "1-0"]
[BlackTitle "GM"]
[WhiteElo "2313"]
[BlackElo "2497"]
[WhiteFideId "1632094"]
[BlackFideId "6300545"]
[EventDate "2019.02.17"]

1. Nf3 Nf6 2. c4 e6 3. Nc3 d5 4. e3 c6 5. b3 Nbd7 6. Qc2 Bd6 7. Bb2 a6 8. d4 b5
9. Bd3 O-O 10. O-O bxc4 11. bxc4 dxc4 12. Bxc4 c5 13. Rfd1 Bb7 14. Qe2 Bxf3 15.
gxf3 cxd4 16. Rxd4 Qc7 17. f4 e5 18. Nd5 Nxd5 19. Rxd5 Nb6 20. Rc1 exf4 21. Rg5
g6 22. Bb3 Qe7 23. Qh5 Rfc8 24. Rxg6+ Kf8 25. Qh6+ Ke8 26. Rg8+ Kd7 27. Qh3+ 1-0

[Event "Graz Open A 2019"]
[Site "Graz AUT"]
[Date "2019.02.18"]
[Round "2.10"]
[White "Cvitan, Ognjen"]
[Black "Thakur, Akash"]
[Result "1/2-1/2"]
[WhiteTitle "GM"]
[BlackTitle "FM"]
[WhiteElo "2496"]
[BlackElo "2308"]
[WhiteFideId "14500086"]
[BlackFideId "5008514"]
[EventDate "2019.02.17"]

1. d4 d5 2. c4 Nc6 3. Nc3 Nf6 4. Nf3 e6 5. Bg5 Bb4 6. e3 h6 7. Bxf6 Qxf6 8. Rc1
O-O 9. a3 Bxc3+ 10. Rxc3 Rd8 11. cxd5 exd5 12. Be2 Ne7 13. O-O c6 14. Ne5 Bf5
15. b4 a6 16. a4 Qd6 17. Qb3 f6 18. Nd3 Bxd3 19. Bxd3 g6 20. Rfc1 1/2-1/2

[Event "Graz Open A 2019"]
[Site "Graz AUT"]
[Date "2019.02.18"]
[Round "2.11"]
[White "Loiseau, Quentin"]
[Black "Pranav, Anand"]
[Result "0-1"]
[WhiteTitle "IM"]
[BlackTitle "FM"]
[WhiteElo "2452"]
[BlackElo "2303"]
[WhiteFideId "665274"]
[BlackFideId "46626786"]
[EventDate "2019.02.17"]

1. d4 Nf6 2. c4 e6 3. Nf3 d5 4. Bg5 Be7 5. Nc3 Nbd7 6. e3 O-O 7. Rc1 c5 8. cxd5
Nxd5 9. Bxe7 Nxe7 10. Bb5 cxd4 11. Qxd4 a6 12. Be2 Nb6 13. Qe4 Bd7 14. Ne5 Bc6
15. Qg4 Rc8 16. O-O Qc7 17. Nxc6 Nxc6 18. Rfd1 Rfd8 19. Qh4 Rxd1+ 20. Rxd1 Rd8
21. Rxd8+ Qxd8 22. Qxd8+ Nxd8 23. h4 Kf8 24. f4 Ke7 25. Kf2 f5 26. e4 Nc6 27.
Ke3 Kd6 28. a3 Na5 29. e5+ Kc7 30. Kd2 Nbc4+ 31. Kc1 Ne3 32. g3 Nb3+ 33. Kb1 b5
34. Bd3 Kc6 35. Ne2 Kd5 36. Ka2 Nc5 37. Bb1 Ne4 38. Bd3 Nf1 39. Bc2 Nexg3 40.
Bb3+ Ke4 41. Nxg3+ Nxg3 42. Bxe6 Kxf4 43. Bc8 Kxe5 44. Bxa6 f4 45. Bxb5 f3 46.
a4 f2 47. a5 Kd6 48. a6 Kc7 49. b4 f1=Q 50. Bxf1 Nxf1 51. Kb3 Kb6 52. b5 Ne3 53.
Kc3 h5 54. Kd4 Nf5+ 55. Ke5 Nxh4 56. Kf4 g6 0-1

[Event "Graz Open A 2019"]
[Site "Graz AUT"]
[Date "2019.02.18"]
[Round "2.12"]
[White "Molnar, Bela"]
[Black "Ankit, R. Rajpara"]
[Result "0-1"]
[WhiteTitle "IM"]
[BlackTitle "GM"]
[WhiteElo "2307"]
[BlackElo "2451"]
[WhiteFideId "704318"]
[BlackFideId "5023335"]
[EventDate "2019.02.17"]

1. e4 c6 2. Nf3 d5 3. Nc3 Bg4 4. h3 Bxf3 5. Qxf3 e6 6. d4 dxe4 7. Qxe4 Nf6 8.
Qh4 Be7 9. Bd3 Nd5 10. Qe4 Nb4 11. O-O Nxd3 12. Qxd3 O-O 13. Bf4 Nd7 14. Rad1
Qa5 15. a3 Rfd8 16. g4 e5 17. b4 Qxa3 18. dxe5 Nxe5 19. Qe3 Ng6 20. Ne4 Bxb4 21.
Ra1 Qxe3 22. Bxe3 Re8 23. f3 Ne5 24. Kf2 a5 0-1

[Event "Graz Open A 2019"]
[Site "Graz AUT"]
[Date "2019.02.18"]
[Round "2.13"]
[White "Perske, Thore"]
[Black "Khalakhan, Jurij"]
[Result "1-0"]
[WhiteTitle "IM"]
[BlackTitle "CM"]
[WhiteElo "2451"]
[BlackElo "2277"]
[WhiteFideId "12902195"]
[BlackFideId "14142368"]
[EventDate "2019.02.17"]

1. e4 d6 2. d4 Nf6 3. Nc3 g6 4. Be3 c6 5. Qd2 Nbd7 6. O-O-O b5 7. f3 b4 8. Nce2
a5 9. g4 Nb6 10. Ng3 h5 11. g5 Nfd7 12. h4 d5 13. f4 dxe4 14. Nxe4 Nd5 15. Nf3
Bg7 16. Bd3 N7b6 17. Ne5 Bf5 18. Ng3 e6 19. Rhg1 a4 20. Nxf5 exf5 21. c4 bxc3
22. bxc3 O-O 23. c4 Nxe3 24. Qxe3 a3 25. Bc2 Qc7 26. Bb3 Rfe8 27. Rge1 c5 28.
dxc5 Na4 29. Rd5 Ra5 30. c6 Nb2 31. Kb1 Bxe5 32. fxe5 Re6 33. Qd2 Rxc6 34. Qxa5 1-0

[Event "Graz Open A 2019"]
[Site "Graz AUT"]
[Date "2019.02.18"]
[Round "2.14"]
[White "Bakalarz, Mietek"]
[Black "Haldorsen, Benjamin"]
[Result "0-1"]
[WhiteTitle "IM"]
[BlackTitle "IM"]
[WhiteElo "2281"]
[BlackElo "2450"]
[WhiteFideId "4000749"]
[BlackFideId "1512633"]
[EventDate "2019.02.17"]

1. d4 d5 2. Nf3 Nf6 3. Bf4 c5 4. e3 Nc6 5. c3 Qb6 6. Na3 c4 7. Rb1 Bf5 8. Nc2 e6
9. Be2 Qa5 10. a3 h6 11. Ne5 Nxe5 12. Bxe5 Nd7 13. Bg3 Qa4 14. Kd2 Be7 15. f3 b5
16. h4 O-O 17. Ra1 Qa6 18. Bf4 Bd6 19. Bxd6 Qxd6 20. g4 Bh7 21. Qg1 a5 22. g5 h5
23. f4 Bxc2 24. Kxc2 g6 25. Qh2 Rfb8 26. f5 Qxh2 27. Rxh2 exf5 28. Kd2 Ra6 29.
Bf3 Rd6 30. Rhh1 f6 31. Rhg1 Kf7 32. Rg2 fxg5 33. Rxg5 Nf6 34. Rag1 Re8 35. Rxg6
Ne4+ 36. Bxe4 Rxg6 37. Bxd5+ Kf6 38. Rxg6+ Kxg6 39. a4 Rd8 40. Bc6 bxa4 41. Bxa4
Rb8 42. Kc1 Kf6 43. Bd1 Rg8 44. Bxh5 Rg2 45. Bd1 Rh2 46. h5 Kg5 47. Bf3 Rh3 48.
Bd5 Rxe3 49. Bxc4 Rh3 50. d5 Rxh5 51. d6 Rh1+ 52. Kc2 Rh2+ 53. Kc1 Kf6 54. d7
Ke7 55. Bb5 f4 56. Bc6 Kd8 57. b4 a4 58. b5 a3 59. Kb1 Rb2+ 60. Ka1 Rb3 61. c4
f3 62. Ka2 f2 63. Bg2 Rg3 64. Bf1 Rg1 0-1

[Event "Graz Open A 2019"]
[Site "Graz AUT"]
[Date "2019.02.18"]
[Round "2.15"]
[White "Teclaf, Pawel"]
[Black "Cohen, Aron J"]
[Result "1-0"]
[WhiteTitle "CM"]
[WhiteElo "2450"]
[BlackElo "2265"]
[WhiteFideId "1185934"]
[BlackFideId "404357"]
[EventDate "2019.02.17"]

1. e4 d6 2. d4 Nf6 3. Nc3 g6 4. Be3 c6 5. Nf3 b5 6. Bd3 Bg7 7. Qd2 Ng4 8. Bg5 f6
9. Bh4 e5 10. a4 b4 11. Ne2 a5 12. O-O Be6 13. c3 bxc3 14. Qxc3 h5 15. dxe5 dxe5
16. h3 g5 17. Bg3 h4 18. hxg4 hxg3 19. Nxg3 Bxg4 20. Nh2 Be6 21. Bc4 Qc8 22.
Rfd1 Bf8 23. Rd3 Be7 24. Rad1 O-O 25. Nf5 Ra7 26. Qb3 Kf7 27. Bxe6+ Qxe6 28.
Nh6+ 1-0

[Event "Graz Open A 2019"]
[Site "Graz AUT"]
[Date "2019.02.18"]
[Round "2.16"]
[White "Modler, Andreas"]
[Black "Markoja, Boris"]
[Result "0-1"]
[BlackTitle "IM"]
[WhiteElo "2270"]
[BlackElo "2440"]
[WhiteFideId "24645877"]
[BlackFideId "14608502"]
[EventDate "2019.02.17"]

1. c4 c5 2. Nc3 g6 3. g3 Bg7 4. Bg2 Nc6 5. Nf3 d6 6. O-O e6 7. e3 Nge7 8. d4 O-O
9. b3 cxd4 10. Nxd4 Nxd4 11. exd4 Nf5 12. Ne2 Rb8 13. Bb2 b5 14. cxb5 Rxb5 15.
Nc3 Rb8 16. d5 Ba6 17. Re1 Qa5 18. Na4 Bxb2 19. Nxb2 e5 20. Re4 Nd4 21. f4 Qxd5
22. Rxe5 Ne2+ 23. Rxe2 Qxd1+ 24. Nxd1 Bxe2 25. Nc3 Rfe8 26. Nd5 Kg7 27. Kf2 Rbc8
28. Re1 Bb5 29. Ne3 Rc3 30. a4 Bc6 31. Bxc6 Rxc6 32. Nf5+ Kf8 33. Nd4 Rxe1 34.
Nxc6 Rb1 35. b4 Ke8 36. b5 Kd7 37. Ke3 Ra1 38. a5 a6 39. Nb8+ Kc8 40. Nxa6 Rxa5
41. Nb4 Rxb5 42. Nd3 0-1

[Event "Graz Open A 2019"]
[Site "Graz AUT"]
[Date "2019.02.18"]
[Round "2.17"]
[White "Xiang, Zeyu"]
[Black "Alinasab, Mobina"]
[Result "1-0"]
[WhiteTitle "IM"]
[BlackTitle "WIM"]
[WhiteElo "2436"]
[BlackElo "2256"]
[WhiteFideId "8608547"]
[BlackFideId "12528897"]
[EventDate "2019.02.17"]

1. d4 d5 2. c4 dxc4 3. e3 Nf6 4. Bxc4 a6 5. Nf3 b5 6. Be2 Bb7 7. O-O e6 8. a4 b4
9. Nbd2 Nbd7 10. b3 c5 11. Bb2 Be7 12. Rc1 O-O 13. dxc5 Bxc5 14. Ne5 Be7 15. Nc6
Bxc6 16. Rxc6 Nd5 17. Rxa6 Rc8 18. Ne4 Nb8 19. Ra7 Nc6 20. Rb7 Na5 21. Rb5 f5
22. Qd4 Rf7 23. Bh5 fxe4 24. Bxf7+ Kxf7 25. Qxg7+ Ke8 26. Qxh7 Nxb3 27. Qg8+ Kd7
28. Rxd5+ exd5 29. Qxd5+ Ke8 30. Qg8+ 1-0

[Event "Graz Open A 2019"]
[Site "Graz AUT"]
[Date "2019.02.18"]
[Round "2.18"]
[White "Barle, Janez"]
[Black "Tomazini, Zan"]
[Result "0-1"]
[WhiteTitle "IM"]
[BlackTitle "IM"]
[WhiteElo "2256"]
[BlackElo "2432"]
[WhiteFideId "14600021"]
[BlackFideId "14608162"]
[EventDate "2019.02.17"]

1. d4 g6 2. Nf3 Bg7 3. e4 d6 4. Nc3 a6 5. Be2 b5 6. a4 b4 7. Nd5 Bb7 8. Nxb4
Bxe4 9. O-O a5 10. Nd3 Nd7 11. c3 Ngf6 12. Ng5 Bc6 13. Bf3 Bxf3 14. Nxf3 O-O 15.
Re1 Re8 16. Bg5 Qc8 17. Qd2 Qa6 18. h3 Qc4 19. Qc2 Rab8 20. Rab1 e6 21. b3 Qc6
22. c4 Nb6 23. Bd2 Ra8 24. Bc3 Ne4 25. Bxa5 Nxf2 26. Nb4 Nxh3+ 27. Kh2 Qb7 28.
Bxb6 Nf4 29. a5 cxb6 30. a6 Qc7 31. g3 Nh5 32. d5 Qc5 33. Nd3 Qa5 34. dxe6 fxe6
35. Re2 Rxa6 36. Rbe1 Qf5 37. Rf1 Qg4 38. Rg2 Rf8 39. Nb4 Ra5 40. Qe2 Ra1 41.
Ng1 Qxe2 42. Rxf8+ Kxf8 43. Rxe2 Be5 44. Nd3 Bxg3+ 45. Kg2 Rd1 46. Nf2 Bxf2 47.
Rxf2+ Ke7 0-1

[Event "Graz Open A 2019"]
[Site "Graz AUT"]
[Date "2019.02.18"]
[Round "2.19"]
[White "Bauer, Thomas"]
[Black "Nguyen, Piotr"]
[Result "0-1"]
[WhiteTitle "CM"]
[BlackTitle "IM"]
[WhiteElo "2251"]
[BlackElo "2420"]
[WhiteFideId "1639293"]
[BlackFideId "1127993"]
[EventDate "2019.02.17"]

1. e4 g6 2. d4 Bg7 3. Nc3 d6 4. f4 Nf6 5. Nf3 O-O 6. e5 dxe5 7. fxe5 Nd5 8. Bc4
Be6 9. Nxd5 Bxd5 10. Bxd5 Qxd5 11. Qe2 c5 12. c4 Qd7 13. d5 e6 14. d6 f6 15.
exf6 Rxf6 16. Bg5 Rf8 17. O-O-O Nc6 18. Qe4 Nd4 19. h4 Qxd6 20. h5 Qc6 21. Qh4
e5 22. Rh3 Ne2+ 23. Kd2 Nf4 24. hxg6 Qxg6 25. Bxf4 Rxf4 26. Rg3 Rxh4 27. Rxg6
Rd8+ 0-1

[Event "Graz Open A 2019"]
[Site "Graz AUT"]
[Date "2019.02.18"]
[Round "2.22"]
[White "Zhang, Ziji"]
[Black "Steindl, Johannes"]
[Result "1/2-1/2"]
[WhiteElo "2406"]
[BlackElo "2231"]
[WhiteFideId "8609470"]
[BlackFideId "1643266"]
[EventDate "2019.02.17"]

1. c4 Nf6 2. Nc3 e6 3. Nf3 d5 4. d4 dxc4 5. e4 Bb4 6. Bg5 b5 7. a4 c5 8. axb5
cxd4 9. Nxd4 h6 10. Bxf6 Qxf6 11. Bxc4 Bc5 12. Nf3 O-O 13. O-O Bb7 14. e5 Qf4
15. Be2 Bb6 16. Qc2 Qb4 17. Ra4 Qe7 18. Ne4 Nd7 19. Nd6 Bd5 20. Qc3 Rfd8 21. Rg4
f5 22. Rg3 Nxe5 23. Nxe5 Rxd6 24. Bh5 Bb7 25. Bf7+ Kh7 26. Bg6+ Kg8 27. Bf7+ Kh7
28. Nc4 Bd4 29. Qe1 Rd5 30. Qxe6 Qxe6 31. Bxe6 Rxb5 32. Nd6 Re5 33. Bxf5+ Kg8
34. Bb1 Ba6 35. Ba2+ Kh7 36. Bb1+ Kg8 37. Ba2+ Kh7 38. Bb1+ 1/2-1/2

[Event "Graz Open A 2019"]
[Site "Graz AUT"]
[Date "2019.02.19"]
[Round "3.1"]
[White "Tomazini, Zan"]
[Black "Turov, Maxim"]
[Result "1/2-1/2"]
[WhiteTitle "IM"]
[BlackTitle "GM"]
[WhiteElo "2432"]
[BlackElo "2585"]
[WhiteFideId "14608162"]
[BlackFideId "4120086"]
[EventDate "2019.02.17"]

1. e4 c6 2. d4 d5 3. e5 Bf5 4. Nf3 e6 5. Be2 Ne7 6. O-O h6 7. c3 Nd7 8. Na3 Qc7
9. Ne1 a6 10. Nac2 c5 11. Ne3 Bh7 12. f4 Qb6 13. N1c2 Be4 14. Bf3 Bxf3 15. Qxf3
cxd4 16. cxd4 g6 17. Bd2 O-O-O 18. b4 Kb8 19. a4 Rc8 20. Qe2 Ka8 21. b5 Nf5 22.
Qd3 Be7 23. Rab1 a5 24. Nxf5 gxf5 25. Ne3 h5 1/2-1/2

[Event "Graz Open A 2019"]
[Site "Graz AUT"]
[Date "2019.02.19"]
[Round "3.2"]
[White "Gazik, Viktor"]
[Black "Radovanovic, Nikola"]
[Result "1-0"]
[WhiteTitle "IM"]
[BlackTitle "IM"]
[WhiteElo "2512"]
[BlackElo "2418"]
[WhiteFideId "14928752"]
[BlackFideId "900087"]
[EventDate "2019.02.17"]

1. d4 e6 2. e4 d5 3. Nc3 Bb4 4. exd5 exd5 5. Bd3 Nc6 6. Ne2 Nge7 7. Bf4 O-O 8.
Qd2 Bf5 9. O-O-O Qd7 10. a3 Ba5 11. Bxf5 Nxf5 12. g4 Nd6 13. Qd3 Nc4 14. Rhg1
Rfe8 15. Rg3 Ne7 16. Kb1 b5 17. Bc1 c6 18. Rh3 Ng6 19. f4 Bxc3 20. Nxc3 Qxg4 21.
Rg3 Qd7 22. f5 Nh4 23. Rf1 Nd6 24. f6 g6 25. Bf4 Nhf5 26. Bxd6 Nxd6 27. Qd2 Nf5
28. Rh3 Qe6 29. Qg5 a5 30. Nd1 Qe2 31. Rxf5 Qxd1+ 32. Ka2 Re1 33. Qh6 Qa1+ 34.
Kb3 a4+ 35. Kc3 b4+ 36. axb4 1-0

[Event "Graz Open A 2019"]
[Site "Graz AUT"]
[Date "2019.02.19"]
[Round "3.3"]
[White "Ankit, R. Rajpara"]
[Black "Hoefelsauer, Thomas"]
[Result "1-0"]
[WhiteTitle "GM"]
[BlackTitle "FM"]
[WhiteElo "2451"]
[BlackElo "2361"]
[WhiteFideId "5023335"]
[BlackFideId "24668842"]
[EventDate "2019.02.17"]

1. d4 d5 2. c4 c6 3. Nc3 Nf6 4. e3 a6 5. Nf3 Bf5 6. Ne5 Nbd7 7. Qb3 Qc7 8. cxd5
Nxe5 9. dxe5 Nxd5 10. Nxd5 cxd5 11. Bd2 Qxe5 12. Be2 Qd6 13. Qxb7 Rb8 14. Qa7 e5
15. Bc3 Bc8 16. Rd1 Bb7 17. O-O Be7 18. Bb4 Qd8 19. Ba5 Qd6 20. Rc1 Bd8 21. Bb4
Qxb4 22. Qxb8 Qe7 23. Qa7 1-0

[Event "Graz Open A 2019"]
[Site "Graz AUT"]
[Date "2019.02.19"]
[Round "3.4"]
[White "Nguyen, Piotr"]
[Black "Perske, Thore"]
[Result "0-1"]
[WhiteTitle "IM"]
[BlackTitle "IM"]
[WhiteElo "2420"]
[BlackElo "2451"]
[WhiteFideId "1127993"]
[BlackFideId "12902195"]
[EventDate "2019.02.17"]

1. e4 e6 2. d4 d5 3. Nd2 c5 4. exd5 exd5 5. Ngf3 a6 6. dxc5 Bxc5 7. Nb3 Bb6 8.
Bd3 Qe7+ 9. Qe2 Nc6 10. Bg5 Qxe2+ 11. Kxe2 Bg4 12. Rhe1 f6 13. Be3 Bxe3 14. Kxe3
Bxf3 15. Kxf3+ Ne5+ 16. Ke3 Ne7 17. f4 Nxd3 18. Kxd3 Kf7 19. Re2 Rhe8 20. Rae1
Ng6 21. g3 Rxe2 22. Rxe2 Rc8 23. Nd4 Ne7 24. c3 Rc7 25. a4 a5 26. Re6 Nc8 27. f5
Re7 28. g4 g6 29. fxg6+ Kxg6 30. h4 Kf7 31. Rxe7+ Nxe7 32. Nf5 Nxf5 33. gxf5 Ke7
34. Kd4 Kd6 35. h5 h6 36. b4 b5 37. axb5 a4 38. Kd3 Kc7 39. Kc2 Kb6 40. Kb2 Kxb5
41. Ka3 Kc4 42. Kxa4 Kxc3 43. b5 d4 44. b6 d3 45. b7 d2 46. b8=Q d1=Q+ 47. Ka5
Qa1+ 48. Kb6 Qb2+ 49. Kc7 Qxb8+ 50. Kxb8 Kd4 0-1